Ekonomické zhodnotenie využívania marketingových nástrojov pri riešení problémov podniku pri predaji špecifických výrobkov zo skla diplomová práca

Salvato in:
Dettagli Bibliografici
Autore principale: Bochyn, Marián
Ente Autore: Podnikovohospodárska fakulta EU so sídlom v Košiciach. Katedra ekonómie
Altri autori: Andrejovský, Pavol, 1975-
Natura: Libro
Lingua:slovacco
Pubblicazione: Košice 2018
Tags: Aggiungi Tag
Nessun Tag, puoi essere il primo ad aggiungerne!!

MARC

LEADER 00000nbm a2200000 4500
001 0244113
005 20240827092208.9
041 0 |a slo 
044 |a SK 
245 1 0 |a Ekonomické zhodnotenie využívania marketingových nástrojov pri riešení problémov podniku pri predaji špecifických výrobkov zo skla  |b diplomová práca  |c Marián Bochyn ; školiteľ: Pavol Andrejovský 
264 1 |a Košice  |c 2018 
300 |a 71 s. 
100 1 |a Bochyn, Marián 
700 1 |a Andrejovský, Pavol, 1975- 
710 2 |a Podnikovohospodárska fakulta EU so sídlom v Košiciach. Katedra ekonómie